[Event "Avoine op 32nd"]
[Site "Avoine"]
[Date "2017.07.22"]
[Round "4"]
[White "Joly, Julien"]
[Black "Louis Sidois, Charles"]
[Result "0-1"]
[WhiteElo "1820"]
[BlackElo "2055"]
[PlyCount "94"]
[EventDate "2017.07.22"]
[EventType "swiss"]
[EventRounds "9"]
[EventCountry "FRA"]
[SourceTitle "CBM 179 Extra"]
[Source "ChessBase"]
[SourceDate "2017.08.23"]
[SourceVersion "1"]
[SourceVersionDate "2017.08.23"]
[SourceQuality "1"]

1. d4 g6 2. Nf3 Bg7 3. g3 c5 4. Bg2 cxd4 5. Nxd4 Nc6 6. Nxc6 bxc6 7. c4 Nf6 8. 0-0 0-0 9. Qc2 Qc7 10. b3 d6 11. Bb2 a5 12. Nd2 a4 13. Ne4 Nxe4 14. Bxe4 axb3 15. axb3 Be6 16. b4 Bxb2 17. Qxb2 Bxc4 18. Rfc1 d5 19. Bg2 Qb6 20. Rxa8 Rxa8 21. Qc3 Rb8 22. Rb1 Qb5 23. Qe5 e6 24. e4 dxe4 25. Qxe4 Bd3 26. Qe1 Bxb1 27. Qxb1 Qxb4 28. Qxb4 Rxb4 29. Bxc6 Kg7 30. Kg2 f5 31. Kf3 Kf6 32. h4 Rb3+ 33. Kg2 e5 34. Bd5 Rb2 35. Bg8 h6 36. Bd5 e4 37. Kf1 Ke5 38. Bf7 g5 39. h5 f4 40. g4 f3 41. Kg1 Kf4 42. Be6 Rb1+ 43. Kh2 Rf1 44. Bc4 Rxf2+ 45. Kh3 Rg2 46. Be2 Rg3+ 47. Kh2 fxe2 0-1

[Event "Avoine op 30th"]
[Site "Avoine"]
[Date "2015.07.21"]
[Round "4"]
[White "Louis Sidois, Charles"]
[Black "Ternault, Mathieu"]
[Result "0-1"]
[WhiteElo "2012"]
[BlackElo "2199"]
[PlyCount "72"]
[EventDate "2015.07.18"]
[EventType "swiss"]
[EventRounds "9"]
[EventCountry "FRA"]
[SourceTitle "EXT 2016"]
[Source "ChessBase"]
[SourceDate "2015.10.08"]
[SourceVersion "1"]
[SourceVersionDate "2015.10.08"]
[SourceQuality "1"]

1. b3 e5 2. Bb2 Nc6 3. e3 Nf6 4. Bb5 Bd6 5. Na3 Na5 6. Nc4 Nxc4 7. Bxc4 Qe7 8. Qe2 Ba3 9. Bxa3 Qxa3 10. b4 Qb2 11. Rd1 Qxb4 12. Nf3 Qe7 13. e4 d6 14. h3 0-0 15. 0-0 Nh5 16. d4 Nf4 17. Qe3 Qf6 18. dxe5 dxe5 19. Kh2 b6 20. Qc3 Ng6 21. Bd5 Rb8 22. Qxc7 Qf4+ 23. Kg1 Bxh3 24. gxh3 Qxf3 25. Rd3 Qf6 26. Qxa7 Nf4 27. Rg3 Rbc8 28. Qa6 Rxc2 29. Bb3 Ne2+ 30. Kg2 Nxg3 31. Kxg3 Qf4+ 32. Kg2 Qxe4+ 33. Kh2 Qf4+ 34. Kg2 Rc3 35. Qxb6 Qf3+ 36. Kg1 Qxh3 0-1

[Event "Avoine op 30th"]
[Site "Avoine"]
[Date "2015.07.18"]
[Round "1"]
[White "Bon, Michael"]
[Black "Louis Sidois, Charles"]
[Result "1-0"]
[WhiteElo "2350"]
[BlackElo "2012"]
[PlyCount "71"]
[EventDate "2015.07.18"]
[EventType "swiss"]
[EventRounds "9"]
[EventCountry "FRA"]
[SourceTitle "EXT 2016"]
[Source "ChessBase"]
[SourceDate "2015.10.08"]
[SourceVersion "1"]
[SourceVersionDate "2015.10.08"]
[SourceQuality "1"]

1. e4 g6 2. d4 Bg7 3. Nf3 c5 4. dxc5 Qa5+ 5. c3 Qxc5 6. Na3 Nf6 7. Nb5 b6 8. Be3 Qc6 9. Bd3 0-0 10. 0-0 a6 11. Nbd4 Qc7 12. Re1 d5 13. e5 Ne4 14. e6 f5 15. g3 Nc6 16. Bf4 Qb7 17. h4 Nd8 18. h5 Nxe6 19. Nxe6 Bxe6 20. hxg6 hxg6 21. Qc1 Bf7 22. Be5 Bxe5 23. Nxe5 Qc7 24. Nf3 Kg7 25. c4 Nxg3 26. Qc3+ Kg8 27. cxd5 Qf4 28. Ne5 Bxd5 29. Bc4 Bxc4 30. fxg3 Qg5 31. Qxc4+ Kg7 32. Qf4 Qh5 33. Nf3 Rh8 34. Nh4 Rae8 35. Re6 g5 36. Qe5+ 1-0

[Event "Avoine op 29th"]
[Site "Avoine"]
[Date "2014.07.20"]
[Round "2"]
[White "Frick, Christoph"]
[Black "Louis Sidois, Charles"]
[Result "1-0"]
[WhiteElo "2246"]
[BlackElo "1946"]
[PlyCount "131"]
[EventDate "2014.07.19"]
[EventType "swiss"]
[EventRounds "9"]
[EventCountry "FRA"]
[SourceTitle "CBM 161 Extra"]
[Source "ChessBase"]
[SourceDate "2014.08.29"]
[SourceVersion "1"]
[SourceVersionDate "2014.08.29"]
[SourceQuality "1"]

1. e4 g6 2. Nc3 Bg7 3. g3 c5 4. Bg2 d6 5. d3 Nf6 6. f4 Nc6 7. Nf3 0-0 8. 0-0 Rb8 9. f5 b5 10. Nh4 Nd4 11. Kh1 b4 12. Ne2 Nxe2 13. Qxe2 a5 14. Bf4 Nh5 15. Bc1 a4 16. Rb1 e6 17. Qf2 exf5 18. exf5 Bb7 19. Nf3 Qd7 20. g4 Nf6 21. Bh3 gxf5 22. gxf5 Bxf3+ 23. Qxf3 Qb7 24. Bf4 Qxf3+ 25. Rxf3 Rbd8 26. Rg1 Kh8 27. Bg5 Rde8 28. Bh4 Rg8 29. Bf1 Nd5 30. f6 Bh6 31. Rxg8+ Kxg8 32. Bg3 Re6 33. Bh3 Rxf6 34. Rxf6 Nxf6 35. Bxd6 Be3 36. Kg2 Kg7 37. Bf5 Bd4 38. Kf3 Nd5 39. Be4 Nf6 40. Bc6 a3 41. bxa3 bxa3 42. Kf4 Kg6 43. Bf3 Bg1 44. Be4+ Nxe4 45. Kxe4 Kg5 46. Kf3 Bd4 47. Bg3 Kf5 48. Be1 Bg1 49. h3 Bd4 50. c3 Be5 51. Bd2 Ke6 52. Bc1 Bxc3 53. Bxa3 Kd5 54. Bc1 Kd4 55. Be3+ Kxd3 56. Bxc5 Bg7 57. Kf4 Kc4 58. Be7 Kb5 59. Kg5 Ka4 60. h4 Ka5 61. h5 Ka4 62. Kf5 Bb2 63. Bf8 h6 64. Bxh6 Ka3 65. Bf8+ Kxa2 66. h6 1-0

[Event "Caen Alekhine op-A 22nd"]
[Site "Caen"]
[Date "2012.11.04"]
[Round "7"]
[White "Louis Sidois, Charles"]
[Black "Lamorelle, Julien"]
[Result "0-1"]
[WhiteElo "1978"]
[BlackElo "2290"]
[PlyCount "82"]
[EventDate "2012.11.01"]
[EventType "swiss"]
[EventRounds "7"]
[EventCountry "FRA"]
[SourceTitle "EXT 2013"]
[Source "ChessBase"]
[SourceDate "2012.11.22"]
[SourceVersion "1"]
[SourceVersionDate "2012.11.22"]
[SourceQuality "1"]

1. e4 c5 2. Nf3 e6 3. d3 d5 4. Nbd2 g6 5. g3 Bg7 6. Bg2 Ne7 7. 0-0 Nbc6 8. Re1 b6 9. exd5 exd5 10. c4 0-0 11. cxd5 Nxd5 12. Nc4 Bb7 13. Bg5 Qc7 14. Qd2 Rfe8 15. Rad1 Nd4 16. Nxd4 Bxd4 17. Ne3 Nxe3 18. Bxe3 Bxg2 19. Kxg2 Qc6+ 20. Kg1 Rad8 21. Bxd4 Rxd4 22. Rxe8+ Qxe8 23. b3 Qd7 24. Qe3 h5 25. h4 Rxh4 26. gxh4 Qg4+ 27. Kh2 Qxd1 28. Qe8+ Kg7 29. Qe5+ Kh7 30. Qf6 Kg8 31. Qd8+ Kg7 32. Qd7 Qf3 33. Qxa7 Qxf2+ 34. Kh3 Qf3+ 35. Kh2 Qf4+ 36. Kg2 Qg4+ 37. Kf1 Qxh4 38. Qxb6 Qh1+ 39. Ke2 Qg2+ 40. Ke3 Qxa2 41. Qb8 Qb2 0-1

[Event "Syre Memorial op 34th"]
[Site "Issy les Moulineaux"]
[Date "2011.06.05"]
[Round "6"]
[White "Daurelle, Herve"]
[Black "Louis Sidois, Charles"]
[Result "1/2-1/2"]
[WhiteElo "2273"]
[BlackElo "1904"]
[PlyCount "62"]
[EventDate "2011.06.03"]
[EventType "swiss"]
[EventRounds "6"]
[EventCountry "FRA"]
[SourceTitle "EXT 2012"]
[Source "ChessBase"]
[SourceDate "2011.11.24"]
[SourceVersion "1"]
[SourceVersionDate "2011.11.24"]
[SourceQuality "1"]

1. e4 c5 2. Nf3 d6 3. d4 cxd4 4. Nxd4 Nf6 5. Nc3 g6 6. Be3 Bg7 7. f3 0-0 8. Qd2 Nc6 9. 0-0-0 d5 10. Kb1 Nxd4 11. e5 Nf5 12. exf6 Bxf6 13. Nxd5 Qxd5 14. Qxd5 Nxe3 15. Qd2 Nxd1 16. Qxd1 Be6 17. Bb5 a6 18. Ba4 b5 19. Bb3 Bc4 20. Bxc4 bxc4 21. Qd5 Rfb8 22. b3 cxb3 23. cxb3 a5 24. Rd1 a4 25. Rd3 axb3 26. Rxb3 Rd8 27. Qe4 Rd1+ 28. Kc2 Rad8 29. Rb8 R1d2+ 30. Kc1 Rd1+ 31. Kc2 R1d2+ 1/2-1/2

[Event "FRA-ch U20"]
[Site "Montlucon"]
[Date "2011.04.17"]
[Round "1"]
[White "Blum, Nicolas"]
[Black "Louis Sidois, Charles"]
[Result "1/2-1/2"]
[WhiteElo "2245"]
[BlackElo "1901"]
[PlyCount "66"]
[EventDate "2011.04.17"]
[EventType "swiss"]
[EventRounds "9"]
[EventCountry "FRA"]
[SourceTitle "CBM 142 Extra"]
[Source "ChessBase"]
[SourceDate "2011.06.27"]
[SourceVersion "1"]
[SourceVersionDate "2011.06.27"]
[SourceQuality "1"]

1. e4 c5 2. Nf3 d6 3. c3 g6 4. d4 cxd4 5. cxd4 Nf6 6. Nc3 Bg7 7. Bc4 0-0 8. 0-0 Nxe4 9. Bxf7+ Rxf7 10. Nxe4 Nc6 11. d5 Ne5 12. Nfg5 Rf8 13. Qb3 h6 14. Ne6 Bxe6 15. dxe6 Qb6 16. Qh3 h5 17. Qe3 Qxe3 18. Bxe3 Nc4 19. Rac1 d5 20. Nd2 Bxb2 21. Rb1 Nxe3 22. fxe3 Bc3 23. Rxf8+ Rxf8 24. Nf3 Rf6 25. Rxb7 Rxe6 26. Rxa7 Rxe3 27. Rd7 Re2 28. Rxd5 Rxa2 29. Rd3 Bb4 30. Kf1 Bc5 31. Rd2 Rxd2 32. Nxd2 Kf7 33. Ke2 Ke6 1/2-1/2

[Event "Bois Colombes op"]
[Site "Bois Colombes"]
[Date "2009.??.??"]
[Round "7"]
[White "Debray, Christopher"]
[Black "Louis Sidois, Charles"]
[Result "1-0"]
[WhiteElo "2358"]
[BlackElo "1788"]
[PlyCount "79"]
[EventDate "2009.12.26"]
[EventType "swiss"]
[EventRounds "7"]
[EventCountry "FRA"]
[SourceTitle "CBM 134 Extra"]
[Source "ChessBase"]
[SourceDate "2010.03.03"]
[SourceVersion "1"]
[SourceVersionDate "2010.03.03"]
[SourceQuality "1"]

1. d4 Nf6 2. c4 g6 3. Nf3 Bg7 4. g3 0-0 5. Bg2 d6 6. 0-0 Nbd7 7. Nc3 e5 8. e4 a5 9. h3 h6 10. Be3 Kh7 11. Qc2 g5 12. dxe5 Nxe5 13. Nd4 Kh8 14. Nd5 g4 15. hxg4 Nfxg4 16. Nf5 Bxf5 17. exf5 Nxe3 18. Nxe3 Qg5 19. Rfe1 Ng4 20. Nxg4 Qxg4 21. Re7 Be5 22. Rxc7 Rae8 23. Qd2 Kg7 24. Rd1 h5 25. Rxb7 h4 26. gxh4 Qxh4 27. Qd5 Bh2+ 28. Kf1 Re5 29. Qd4 Qh5 30. Re1 Rfe8 31. Re3 Qxf5 32. Bd5 Rf8 33. Kg2 Bf4 34. Re4 Qg4+ 35. Kf1 Qh3+ 36. Ke1 Qh1+ 37. Ke2 Kg8 38. Rxe5 dxe5 39. Qxf4 Qb1 40. Qg5+ 1-0